<?xml version="1.0" encoding="UTF-8"?><?xml-stylesheet type="text/xsl" href="static/style.xsl"?><OAI-PMH xmlns="http://www.openarchives.org/OAI/2.0/" xmlns:xsi="http://www.w3.org/2001/XMLSchema-instance" xsi:schemaLocation="http://www.openarchives.org/OAI/2.0/ http://www.openarchives.org/OAI/2.0/OAI-PMH.xsd"><responseDate>2026-05-11T02:00:35Z</responseDate><request verb="GetRecord" identifier="oai:gredos.usal.es:10366/69918" metadataPrefix="marc">https://gredos.usal.es/oai/request</request><GetRecord><record><header><identifier>oai:gredos.usal.es:10366/69918</identifier><datestamp>2025-04-30T21:28:10Z</datestamp><setSpec>com_10366_68622</setSpec><setSpec>com_10366_4666</setSpec><setSpec>com_10366_3823</setSpec><setSpec>col_10366_68644</setSpec></header><metadata><record xmlns="http://www.loc.gov/MARC21/slim" xmlns:doc="http://www.lyncode.com/xoai" xmlns:xsi="http://www.w3.org/2001/XMLSchema-instance" xmlns:dcterms="http://purl.org/dc/terms/" xsi:schemaLocation="http://www.loc.gov/MARC21/slim http://www.loc.gov/standards/marcxml/schema/MARC21slim.xsd">
<leader>00925njm 22002777a 4500</leader>
<datafield tag="042" ind1=" " ind2=" ">
<subfield code="a">dc</subfield>
</datafield>
<datafield tag="720" ind1=" " ind2=" ">
<subfield code="a">Calvo Gómez, José Antonio</subfield>
<subfield code="e">author</subfield>
</datafield>
<datafield tag="260" ind1=" " ind2=" ">
<subfield code="c">2004</subfield>
</datafield>
<datafield tag="520" ind1=" " ind2=" ">
<subfield code="a">[ES] Este artículo trata de aportar nuevos elementos al estudio de la reforma católica en Castilla durante el reinado de los Reyes Católicos a partir de un ejemplo: el sínodo diocesano celebrado en Ávila en 1481 a cargo del obispo Alfonso de Fonseca. En él se contribuye a poner en cuestión la concepción historiogràfica tradicional que centraba todo el protagonismo reformador en el concilio de Trento (1545-1563) y, de acuerdo a los nuevos estudios, adelanta más de setenta años, antes incluso de las tesis de Martín Lutero, el inicio de la reforma en la Iglesia Católica. La petición que hace el canon sexto del cuarto concilio de Letrán (1215) provoca la celebración de numerosos sínodos en distintas diócesis cuya contribución a la reforma se quiere poner de manifiesto en este artículo.</subfield>
</datafield>
<datafield tag="520" ind1=" " ind2=" ">
<subfield code="a">[EN] This paper presents new elements for the study of Catholic reform in Castile during the reign of the Catholic Monaschs through one example: the diocesan synod which took place in Ávila in 1481 under the leadership of bishop Alfonso de Fonseca. It intends to put into question the traditional historiographie idea which considers the Council of Trent (1545-63) as the only force of reform, by dating the begining of the Catholic Church reform over 70 years ealier, that is, even before Martin Luther's theses. The request made by the sixth canon of the 4th Lateran council (1215) led to a number of synods held in different dioceses, whose contribution to the reform is highlighted in this paper.</subfield>
</datafield>
<datafield tag="024" ind2=" " ind1="8">
<subfield code="a">Studia Historica. Historia Medieval, 22 (2004)</subfield>
</datafield>
<datafield tag="024" ind2=" " ind1="8">
<subfield code="a">0213-2052</subfield>
</datafield>
<datafield tag="024" ind2=" " ind1="8">
<subfield code="a">http://hdl.handle.net/10366/69918</subfield>
</datafield>
<datafield ind1=" " ind2=" " tag="653">
<subfield code="a">Historia</subfield>
</datafield>
<datafield ind1=" " ind2=" " tag="653">
<subfield code="a">Edad Media</subfield>
</datafield>
<datafield ind1=" " ind2=" " tag="653">
<subfield code="a">Medieval history</subfield>
</datafield>
<datafield tag="245" ind1="0" ind2="0">
<subfield code="a">Contribución al estudio de la reforma católica en Castilla: el Sínodo de Ávila de 1481</subfield>
</datafield>
</record></metadata></record></GetRecord></OAI-PMH>